Loading...
| History - American | 1 | 4 | 0 | 0 | 55 | 74 | 93.40 | 3 | 5 | 0.00 | 0.00 |
| History - European | 2 | 2 | 1 | 1 | 45 | 54 | 97.00 | 2 | 4 | 0.00 | 0.00 |
| History - World | 1 | 3 | 0 | 0 | 45 | 61 | 87.75 | 1 | 4 | 0.00 | 0.00 |
| History - Ancient/Other | 1 | 2 | 0 | 1 | 35 | 80 | 111.67 | 1 | 3 | 0.00 | 0.00 |
| Fine Arts - Other | 0 | 3 | 0 | 1 | 30 | 149 | 150.33 | 0 | 3 | 0.00 | 0.00 |
| Current Events | 0 | 2 | 0 | 0 | 20 | 73 | 75.00 | 1 | 1 | 0.00 | 0.00 |
| Philosophy | 0 | 2 | 0 | 0 | 20 | 98 | 112.50 | 0 | 1 | 0.00 | 0.00 |
| Social Science | 0 | 2 | 1 | 1 | 15 | 77 | 108.00 | 0 | 2 | 0.00 | 0.00 |
| Mythology | 0 | 1 | 0 | 0 | 10 | 107 | 107.00 | 1 | 1 | 0.00 | 0.00 |
| Literature - World | 0 | 1 | 0 | 0 | 10 | 136 | 136.00 | 0 | 1 | 0.00 | 0.00 |
| Religion | 0 | 1 | 0 | 0 | 10 | 121 | 121.00 | 0 | 1 | 0.00 | 0.00 |
| Literature - British | 0 | 1 | 1 | 0 | 5 | 110 | 110.00 | 0 | 0 | 0.00 | 0.00 |
| Literature - American | 0 | 1 | 1 | 0 | 5 | 145 | 145.00 | 0 | 1 | 0.00 | 0.00 |
| Geography | 0 | 1 | 2 | 0 | 0 | 88 | 88.00 | 0 | 0 | 0.00 | 0.00 |
| Literature - European | 0 | 0 | 1 | 0 | -5 | 0.00 | 0 | 0 | 0.00 | 0.00 |